000 01521cam a2200277 4500
001 X126211
008 040517n2004 000 0 eng u
035 _a(Sirsi) u126211
100 _aGeorgeson, R.
245 _aNational procurement strategy: research findings revealed
260 _c2004
490 _aWastes Management
_vApril 2004, 10-11(2)
520 _aBriefly examines the findings of a MORI survey on local authority procurement practice which provided insight into local authorities' attitudes to sustainable procurement. Government has recently advised councils to make sustainable procurement an essential part of good practice and to use their buying power to create markets for recycled materials. However, the poll found that some councils consider sustainable procurement as more essential than others. View "National procurement strategy for local government" at www.odpm.gov.uk.
590 _aABS
590 _aABS
650 _aLOCAL AUTHORITIES
650 _aSUSTAINABLE WASTE MANAGEMENT
650 _aSUSTAINABLE DEVELOPMENT
650 _aPROCUREMENT STRATEGIES
650 _aRECYCLED MATERIALS
650 _aENVIRONMENTAL POLICIES
690 _aLOCAL GOVERNMENT
856 _uhttps://www.odpm.gov.uk/stellent/groups/odpm_localgov/documents/page/odpm_locgov_023394.hcsp
_zView the strategy on the ODPM website...
856 _uhttps://www.odpm.gov.uk/stellent/groups/odpm_localgov/documents/page/odpm_locgov_023394.hcsp
_zView the strategy on the ODPM website...
942 _n0
999 _c117357
_d117357